000 00659nam a22002297a 4500
005 20170124105941.0
010 _aA-486200
020 _c220.00
035 _aA-486200
037 _bCen Lib/Ret
040 _aDPL
_bEN
082 _a230.1
_2BHA
100 _aBahttacharya, A.N.
_911264
245 _aDharma-adharma and morality in mahabharat /
_cby A.N. Bhattacharya
260 _aDelhi
_bS.S. publishers
_c1992
270 _bDelhi
_aix/5572, West silampur, Gandhi nagar
300 _a192p.
_c20cm(Hb)
500 _aIncludes index
650 _aHinduism
_y
_911265
650 _aMahabharat
_911266
942 _2ddc
_cEN
_h230.1
_mBHA
999 _c124587
_d124587